000 00366nam a2200145Ia 4500
008 230312s9999||||xx |||||||||||||| ||und||
020 _a1-84172-483-1
082 _a133.43
_bMOO-M
100 _aMoorey;Teresa
245 0 _aMagic House Practical magic for a harmonions home
260 _bRyland
_aUSA
_c2003
300 _a128
650 _aArchitecture
942 _cBK
999 _c12008
_d12008